Nunca más el silencio : (Registro nro. 5873)
[ vista simple ]
| 000 -LEADER | |
|---|---|
| fixed length control field | 01156nab a22002297a 4500 |
| 003 - CONTROL NUMBER IDENTIFIER | |
| control field | OSt |
| 005 - DATE AND TIME OF LATEST TRANSACTION | |
| control field | 20260109011827.0 |
| 008 - FIXED-LENGTH DATA ELEMENTS--GENERAL INFORMATION | |
| fixed length control field | 190514b xxu||||| |||| 00| 0 spa d |
| 040 ## - CATALOGING SOURCE | |
| Transcribing agency | PJ |
| 100 ## - MAIN ENTRY--PERSONAL NAME | |
| 9 (RLIN) | 6755 |
| Personal name | Almada, Sonia |
| 245 10 - TITLE STATEMENT | |
| Title | Nunca más el silencio : |
| Remainder of title | imprescriptibilidad, verdad y protección digital frente a la violencia sexual contra bebés, niñas, niños y adolescentes / |
| Statement of responsibility, etc | Sonia Almada. |
| 300 ## - PHYSICAL DESCRIPTION | |
| Extent | p. 3-10 |
| 505 ## - FORMATTED CONTENTS NOTE | |
| Formatted contents note | Sumario: I. Introducción.— II. La imprescriptibilidad como reparación y prevención.— III. Comisiones de la verdad: una deuda pendiente.— IV. Formación, adecuación institucional y nuevas formas de violencia.— V. Consideraciones finales |
| 505 ## - FORMATTED CONTENTS NOTE | |
| Title | Si te interesa el texto, comunicate a koha@justierradelfuego.gov.ar |
| 650 #0 - SUBJECT ADDED ENTRY--TOPICAL TERM | |
| 9 (RLIN) | 967 |
| Topical term or geographic name as entry element | DERECHO DE FAMILIA |
| 650 #0 - SUBJECT ADDED ENTRY--TOPICAL TERM | |
| 9 (RLIN) | 2741 |
| Topical term or geographic name as entry element | DERECHOS DE LAS NIÑAS, NIÑOS Y ADOLESCENTES |
| 650 #0 - SUBJECT ADDED ENTRY--TOPICAL TERM | |
| 9 (RLIN) | 2733 |
| Topical term or geographic name as entry element | VIOLENCIA CONTRA MENORES |
| 650 #0 - SUBJECT ADDED ENTRY--TOPICAL TERM | |
| 9 (RLIN) | 3092 |
| Topical term or geographic name as entry element | PRESCRIPCIÓN |
| 650 #0 - SUBJECT ADDED ENTRY--TOPICAL TERM | |
| 9 (RLIN) | 2902 |
| Topical term or geographic name as entry element | DELITOS CONTRA LA INTEGRIDAD SEXUAL |
| 773 0# - HOST ITEM ENTRY | |
| Host Biblionumber | 2844 |
| Host Itemnumber | 3222 |
| Place, publisher, and date of publication | Buenos Aires : AbeledoPerrot, 1989- |
| Title | Derecho de familia. N° 121 - Septiembre 2025 |
| International Standard Book Number | 18511201 |
| 942 ## - ADDED ENTRY ELEMENTS (KOHA) | |
| Source of classification or shelving scheme | |
| Koha item type | Analítica Artículo de Revista |
No hay ítems disponibles.
